000 00347cam a22001097a 4500
008 180718b1972 xxu||||| |||| 00| 0 eng d
082 _aB73043x5442 M278
100 _aMaharashtra. Urban Development, Public Health and Housing Department
245 _aMaharashtra municipal account code, 1971
260 _aBombay
_bThe author
_c1972
300 _a187p.
999 _c488686
_d488686